000 00538nam a2200193 a 4500
001 1771665851199
003 YourLibrary
005 20260221145719.0
008 260221s2001##################000#0#eng##
020 _a9780792372028
082 0 4 _a338.47001GUI
100 1 _aGuilhon, Bernard,
_eauthor.
245 1 0 _aTechnology and Markets for Knowledge :
260 _bSpringer Science & Business Media,
_c2001.
300 _a234 pages
650 0 _aBusiness & Economics.
942 _cENGLISH
040 _aYourLibrary
_beng
_cYourLibrary
999 _c615182
_d615182